000 00944nam a22002772a 4500
001 23103
003 BD-RjUL
005 20211209000907.0
008 140310s1951 nyuab b 001 0 eng d
035 _a(BD-RjUL)23168
040 _aDLC
_cTYC
_dEQO
_dBD-RjUL
_beng
041 _aeng
082 _a915
_bCRA
100 1 _aCressey, George Babcock,
_d1896-1963.
_971219
245 1 0 _aAsia's lands and peoples :
_ba geography of one-third the earth and two-thirds its people /
_cby George B. Cressey
250 _a2nd ed
260 _aNew York ;
_aLondon :
_bWhittlesey house, McGraw-Hill book company inc,
_c1951.
300 _aviii, 597 p. incl. front., illus. (incl. maps) diagrs.
_c26 x 20 cm
490 1 _aMcGraw-Hill series in geography
504 _a"Suggested readings": p. 549-571
504 _aIncludes index.
651 0 _aAsia
_971248
830 0 _aMcGraw-Hill series in geography
_97884
942 _2ddc
_cBK
999 _c23103
_d23103